000 00662nam a2200217Ia 4500
003 GCL
008 140319s9999 xx 000 0 ara d
020 _a1045399977
040 _aGCL /
_cGCL
082 0 4 _a213
_bأ ل
100 1 _aاسامة اللالفى
245 1 0 _aلماذا اسلموا /
_cاسامة اللالفى
250 _aالاولى
260 _aالقاهرة :
_bأطلس للنشر والانتاج الاعلامى ،
_c2005
300 _a239 ص ؛
_c24 سم
650 0 4 _aالدين الاسلامى
650 0 4 _aالمسلمون
650 0 4 _aالمستشرقون
650 0 4 _aالاسلام - دعوات
942 _2ddc
_cBK
999 _c9376
_d9376